000 00782nam a2200229Ia 4500
001 7008
003 GE_BSU
008 181216s||||||||xx |||||||||||||| ||und||
040 _cGE_BSU
080 _a625.7/.8(075.8)
100 _aБабков,В.Ф. Андреев,О.В. Замахев,М.С.
245 _aПроектирование автомобильных дорог.Часть 2.
245 _bУчебник.
245 _cПод. ред. В.Ф.Бабкова.
250 _aИзд третье, перер. и допол.
260 _aМ.
260 _bТранспорт.
260 _c1970.
300 _a315стр.с иил. 22см. библиогр.:стр.311.
653 _aПроектирование автомобильных дорог.
942 _cBK
999 _c40400
_d40400